The idiot / (Record no. 27)
[ view plain ]
| 000 -LEADER | |
|---|---|
| fixed length control field | 01387cam a2200361 a 4500 |
| 001 - CONTROL NUMBER | |
| control field | 13949097 |
| 005 - DATE AND TIME OF LATEST TRANSACTION | |
| control field | 20200421093816.0 |
| 008 - FIXED-LENGTH DATA ELEMENTS--GENERAL INFORMATION | |
| fixed length control field | 050502s2004 enk b 000 1 eng d |
| 010 ## - LIBRARY OF CONGRESS CONTROL NUMBER | |
| LC control number | 2005274878 |
| 015 ## - NATIONAL BIBLIOGRAPHY NUMBER | |
| National bibliography number | GBA4-Y5688 |
| 020 ## - INTERNATIONAL STANDARD BOOK NUMBER | |
| International Standard Book Number | 014044792X |
| 035 ## - SYSTEM CONTROL NUMBER | |
| System control number | (OCoLC)ocm56129600 |
| 040 ## - CATALOGING SOURCE | |
| Original cataloging agency | TJC |
| Transcribing agency | TJC |
| Modifying agency | UKM |
| -- | OCLCQ |
| -- | CUY |
| -- | DLC |
| 041 1# - LANGUAGE CODE | |
| Language code of text/sound track or separate title | eng |
| Language code of original | rus |
| 042 ## - AUTHENTICATION CODE | |
| Authentication code | lccopycat |
| 043 ## - GEOGRAPHIC AREA CODE | |
| Geographic area code | e-ur--- |
| 050 00 - LIBRARY OF CONGRESS CALL NUMBER | |
| Classification number | PG3326 |
| Item number | .I3 2004 |
| 082 00 - DEWEY DECIMAL CLASSIFICATION NUMBER | |
| Classification number | 891.73/3 |
| Edition information | 22 |
| 100 1# - MAIN ENTRY--PERSONAL NAME | |
| Personal name | Dostoyevsky, Fyodor, |
| Dates associated with a name | 1821-1881. |
| 240 10 - UNIFORM TITLE | |
| Uniform title | Idiot. |
| Language of a work | English |
| 245 14 - TITLE STATEMENT | |
| Title | The idiot / |
| Statement of responsibility, etc. | Fyodor Dostoyevsky ; translated with notes by David McDuff ; with an introduction by William Mills Todd, III. |
| 260 ## - PUBLICATION, DISTRIBUTION, ETC. | |
| Place of publication, distribution, etc. | London ; |
| -- | New York : |
| Name of publisher, distributor, etc. | Penguin Books, |
| Date of publication, distribution, etc. | 2004. |
| 300 ## - PHYSICAL DESCRIPTION | |
| Extent | xli, 732 p. ; |
| Dimensions | 20 cm. |
| 504 ## - BIBLIOGRAPHY, ETC. NOTE | |
| Bibliography, etc. note | Includes bibliographical references (p. [xxxv]-xxxvii). |
| 651 #0 - SUBJECT ADDED ENTRY--GEOGRAPHIC NAME | |
| Geographic name | Russia |
| General subdivision | Social conditions |
| Chronological subdivision | 1801-1917 |
| Form subdivision | Fiction. |
| 9 (RLIN) | 587 |
| 700 1# - ADDED ENTRY--PERSONAL NAME | |
| Personal name | McDuff, David, |
| Dates associated with a name | 1945- |
| 700 1# - ADDED ENTRY--PERSONAL NAME | |
| Personal name | Todd, William Mills, |
| Dates associated with a name | 1944- |
| 9 (RLIN) | 589 |
| 856 42 - ELECTRONIC LOCATION AND ACCESS | |
| Materials specified | Contributor biographical information |
| Uniform Resource Identifier | <a href="http://www.loc.gov/catdir/enhancements/fy0835/2005274878-b.html">http://www.loc.gov/catdir/enhancements/fy0835/2005274878-b.html</a> |
| 856 42 - ELECTRONIC LOCATION AND ACCESS | |
| Materials specified | Publisher description |
| Uniform Resource Identifier | <a href="http://www.loc.gov/catdir/enhancements/fy0835/2005274878-d.html">http://www.loc.gov/catdir/enhancements/fy0835/2005274878-d.html</a> |
| 906 ## - LOCAL DATA ELEMENT F, LDF (RLIN) | |
| a | 7 |
| b | cbc |
| c | copycat |
| d | 2 |
| e | ncip |
| f | 20 |
| g | y-gencatlg |
| 942 ## - ADDED ENTRY ELEMENTS (KOHA) | |
| Source of classification or shelving scheme | Dewey Decimal Classification |
| Koha item type | Books |
| Withdrawn status | Lost status | Damaged status | Not for loan | Collection | Home library | Current library | Shelving location | Date acquired | Barcode | Date last seen | Price effective from | Koha item type |
|---|---|---|---|---|---|---|---|---|---|---|---|---|
| Reference | Centerville | Centerville | General stacks | 09/04/2014 | 39999000001235 | 09/04/2014 | 09/04/2014 | Books |